| 000 | 00558nam a2200145Ia 4500 | ||
|---|---|---|---|
| 008 | 140724s9999 xx 000 0 und d | ||
| 050 |
_aBF 501 _b.Al475 2009 |
||
| 100 | _aAlviar, Anthony John. | ||
| 245 |
_aIntrinsic and extrinsic motivation of male and female athletes in Southville International School and Colleges A.Y. 2008-2009 / _cAnthony John M. Alviar. |
||
| 260 |
_aLas PiƱas, Philippines : _bSouthville International School and Colleges, _cc2009. |
||
| 300 |
_a44 p. : _bill. ; _c28 cm. |
||
| 521 | _aPsychology | ||
| 942 | _cTH | ||
| 999 |
_c228895 _d228895 |
||